[Event "Ile et Vilaine op"]
[Site "Rennes"]
[Date "2017.07.14"]
[Round "9"]
[White "Tardi, Oscar"]
[Black "Rider, Palmer"]
[Result "1-0"]
[WhiteElo "1900"]
[BlackElo "1847"]
[PlyCount "103"]
[EventDate "2017.07.08"]
[EventType "swiss"]
[EventRounds "9"]
[EventCountry "FRA"]
[SourceTitle "EXT 2019"]
[Source "ChessBase"]
[SourceDate "2018.10.10"]
[SourceVersion "1"]
[SourceVersionDate "2018.10.10"]
[SourceQuality "1"]

1. e4 c5 2. Nf3 g6 3. c3 Bg7 4. d4 cxd4 5. cxd4 d5 6. e5 Nh6 7. Nc3 Bg4 8. Bb5+ Nc6 9. 0-0 0-0 10. Bxc6 bxc6 11. h3 Bd7 12. Na4 f6 13. exf6 exf6 14. Nc5 Bf5 15. Nh4 Bd7 16. Be3 Rb8 17. Qd2 Nf5 18. Nxf5 Bxf5 19. Rac1 Re8 20. Bf4 Rb6 21. g4 Bc8 22. Rfe1 g5 23. Rxe8+ Qxe8 24. Bc7 h5 25. f3 f5 26. Bxb6 axb6 27. Nb3 fxg4 28. Re1 Qg6 29. Qe2 Bf5 30. hxg4 hxg4 31. fxg4 Be4 32. Qh2 c5 33. Qb8+ Kh7 34. Re2 Qe6 35. Qh2+ Kg8 36. Qb8+ Kf7 37. Rf2+ Kg6 38. Qg3 c4 39. Qh3 Bf6 40. Rh2 Kf7 41. Nc1 Bxd4+ 42. Kf1 Qf6+ 43. Ke1 Qe5 44. Ne2 Bxb2 45. Rf2+ Ke7 46. Qh6 b5 47. Qf8+ Kd7 48. Rf7+ Kc6 49. Qc8+ Kb6 50. Rb7+ Ka5 51. Ra7+ Kb6 52. Ra6# 1-0

[Event "Ile et Vilaine op"]
[Site "Rennes"]
[Date "2017.07.13"]
[Round "8"]
[White "Rider, Palmer"]
[Black "Van Kempen, Roderick"]
[Result "1/2-1/2"]
[WhiteElo "1847"]
[BlackElo "2019"]
[PlyCount "62"]
[EventDate "2017.07.08"]
[EventType "swiss"]
[EventRounds "9"]
[EventCountry "FRA"]
[SourceTitle "EXT 2019"]
[Source "ChessBase"]
[SourceDate "2018.10.10"]
[SourceVersion "1"]
[SourceVersionDate "2018.10.10"]
[SourceQuality "1"]

1. e4 e6 2. d4 d5 3. Nd2 Nc6 4. Ngf3 Nf6 5. e5 Nd7 6. Nb3 a5 7. a4 Be7 8. Bb5 0-0 9. 0-0 Ncb8 10. c4 c6 11. cxd5 cxb5 12. d6 Bxd6 13. exd6 bxa4 14. Rxa4 Nb6 15. Rxa5 Rxa5 16. Nxa5 Qxd6 17. Ne5 Nc6 18. Naxc6 bxc6 19. Qg4 f6 20. Bh6 Qc7 21. Nxc6 Kh8 22. Qf4 Qxc6 23. Rc1 Qe8 24. Qc7 gxh6 25. Qxb6 Qg6 26. Qb8 Rg8 27. g3 Bd7 28. Qd6 Bc8 29. Qb8 Ba6 30. Qd6 Bc8 31. Qb8 Bd7 1/2-1/2

[Event "Ile et Vilaine op"]
[Site "Rennes"]
[Date "2017.07.10"]
[Round "4"]
[White "Rider, Palmer"]
[Black "Jackson, Thomas"]
[Result "0-1"]
[WhiteElo "1847"]
[BlackElo "2043"]
[PlyCount "120"]
[EventDate "2017.07.08"]
[EventType "swiss"]
[EventRounds "9"]
[EventCountry "FRA"]
[SourceTitle "EXT 2019"]
[Source "ChessBase"]
[SourceDate "2018.10.10"]
[SourceVersion "1"]
[SourceVersionDate "2018.10.10"]
[SourceQuality "1"]

1. e4 c5 2. Nf3 e6 3. d4 cxd4 4. Nxd4 Nc6 5. Nc3 Qc7 6. Be2 a6 7. 0-0 Nf6 8. Kh1 Bb4 9. Nxc6 dxc6 10. Qd4 Bd6 11. Bg5 Be5 12. Qe3 h6 13. Bxf6 Bxf6 14. f4 e5 15. f5 b5 16. Qc5 Be7 17. Nd5 Qd6 18. Qxd6 Bxd6 19. Nb6 Rb8 20. Nxc8 Rxc8 21. a4 Ke7 22. axb5 axb5 23. Ra7+ Rc7 24. Rfa1 Rhc8 25. g4 Bc5 26. Rxc7+ Rxc7 27. Ra8 f6 28. Kg2 Bd4 29. c3 Be3 30. Bd1 Bc1 31. b4 Bb2 32. c4 bxc4 33. Kf3 Rd7 34. Ke2 c3 35. Bb3 Rd2+ 36. Kf3 c2 37. Ra7+ Ke8 38. Ra8+ Kd7 39. Ra7+ Kd8 40. Bxc2 Rxc2 41. Rxg7 Rxh2 42. Rf7 Rh3+ 43. Kg2 Re3 44. Rxf6 Rxe4 45. Rxh6 Rxg4+ 46. Kh3 Rxb4 47. Rxc6 Rf4 48. f6 Ke8 49. Rb6 Bd4 50. Rc6 Kf7 51. Kg3 Rxf6 52. Rc7+ Ke6 53. Rc8 Kd5 54. Rd8+ Ke4 55. Ra8 Rg6+ 56. Kh3 Kf3 57. Rf8+ Ke3 58. Rf1 Ke2 59. Rf5 e4 60. Rf4 Kd3 0-1

[Event "Liffre op"]
[Site "Liffre"]
[Date "2016.10.23"]
[Round "2"]
[White "Rider, Palmer"]
[Black "Kukov, Velislav"]
[Result "0-1"]
[WhiteElo "1772"]
[BlackElo "2358"]
[PlyCount "82"]
[EventDate "2016.10.22"]
[EventType "swiss"]
[EventRounds "9"]
[EventCountry "FRA"]
[SourceTitle "CBM 175 Extra"]
[Source "ChessBase"]
[SourceDate "2016.12.12"]
[SourceVersion "1"]
[SourceVersionDate "2016.12.12"]
[SourceQuality "1"]

1. e4 d6 2. d4 Nf6 3. Nc3 e5 4. Nf3 exd4 5. Qxd4 Nc6 6. Bb5 Bd7 7. Bxc6 Bxc6 8. Bg5 Be7 9. 0-0-0 0-0 10. e5 dxe5 11. Qxe5 Bd6 12. Qd4 Re8 13. Bxf6 Qxf6 14. Qxf6 gxf6 15. Nd4 Be4 16. Nxe4 Rxe4 17. Rhe1 Re5 18. Rxe5 fxe5 19. Nb5 Rd8 20. Nxd6 cxd6 21. Rd5 Kf8 22. Kd2 Ke7 23. c4 Rg8 24. g3 Ke6 25. Ra5 a6 26. Rd5 Rc8 27. Kd3 f5 28. a4 Rf8 29. b4 b6 30. Kc3 f4 31. g4 f3 32. Rd3 e4 33. Re3 Ke5 34. Re1 Rg8 35. h3 h5 36. Rg1 e3 37. fxe3 Ke4 38. Kd2 f2 39. Rf1 Kf3 40. e4 hxg4 41. hxg4 Rxg4 0-1